Statystyki dla Województwa Polski bez podpowiedzi

Kliknij tutaj aby rozwiązać quiz!

Ogólne statystyki

  • Ten quiz został rozwiązany 178 razy
  • Średni wynik to 14 z 16

Statystyki odpowiedzi

Odpowiedź% Poprawnych
śląskie
94%
dolnośląskie
92%
lubuskie
92%
mazowieckie
92%
pomorskie
92%
zachodniopomorskie
92%
lubelskie
91%
opolskie
91%
małopolskie
90%
wielkopolskie
90%
łódzkie
87%
warmińsko-mazurskie
87%
kujawsko-pomorskie
86%
podlaskie
86%
podkarpackie
84%
świętokrzyskie
84%

Rozkład punktacji

Percentyl według liczby udzielonych odpowiedzi

Procent ludzi z każdym wynikiem

Twoja historia wyników

Nie rozwiązałeś tego quizu